Top 12 des capitales les plus froides du monde - Statistiques

Statistiques générales
  • Ce quiz a été pris 105 fois
  • Le résultat moyen est 9 sur 12
Statistiques - réponses
Température moyenne Capitale % Correct
5.65° Moscou
99%
5.97° Oslo
95%
6.53° Ottawa
89%
6.90° Stockholm
89%
Reykjavik
87%
5.69° Helsinki
86%
6.06° Tallinn
76%
7.22° Riga
72%
6.99° Vilnius
71%
6.81° Minsk
63%
-0.79° Oulan Bator
61%
3.06° Astana
47%
Aucun quiz correspondant
Distribution des résultats
% des personnes avec chaque résultat
Percentile par nombre de réponses
Votre historique - résultats
Vous n’avez pas pris ce quiz